ZR rifle : (Record no. 125865)

MARC details
000 -LEADER
fixed length control field 00851nam a22002777a 4500
003 - CONTROL NUMBER IDENTIFIER
control field 0
005 - DATE AND TIME OF LATEST TRANSACTION
control field 20180724153116.0
008 - FIXED-LENGTH DATA ELEMENTS--GENERAL INFORMATION
fixed length control field 0
010 ## - LIBRARY OF CONGRESS CONTROL NUMBER
LC control number A-770253
020 ## - INTERNATIONAL STANDARD BOOK NUMBER
Terms of availability 100.00
035 ## - SYSTEM CONTROL NUMBER
System control number A-770253, A-770254
037 ## - SOURCE OF ACQUISITION
Source of stock number/acquisition Cen Lib/Ret
040 ## - CATALOGING SOURCE
Original cataloging agency DPL
Language of cataloging EN
Transcribing agency 0
082 ## - DEWEY DECIMAL CLASSIFICATION NUMBER
Classification number 364.15
Item number FUR
100 ## - MAIN ENTRY--PERSONAL NAME
Personal name Furiati, Claudia
9 (RLIN) 80469
245 ## - TITLE STATEMENT
Title ZR rifle :
Statement of responsibility, etc by Claudia Furiati; translated by Maxine Shaw
Remainder of title the polt to kill kennedy and castro /
250 ## - EDITION STATEMENT
Edition statement 2nd ed
260 ## - PUBLICATION, DISTRIBUTION, ETC. (IMPRINT)
Place of publication, distribution, etc Calcutta
Name of publisher, distributor, etc National Book Agency
Date of publication, distribution, etc 1995
270 ## - ADDRESS
City Calcutta
Address 12, Bankim Chatterji Street
Postal code 700073
300 ## - PHYSICAL DESCRIPTION
Extent 183p.
Dimensions 20cm(Hb)
500 ## - GENERAL NOTE
General note Includes bibliographical references and index
650 ## - SUBJECT ADDED ENTRY--TOPICAL TERM
Topical term or geographic name as entry element US authorities
9 (RLIN) 80470
650 ## - SUBJECT ADDED ENTRY--TOPICAL TERM
Topical term or geographic name as entry element Intelligence agencies
9 (RLIN) 80471
700 ## - ADDED ENTRY--PERSONAL NAME
Personal name Shaw, Maxine
9 (RLIN) 15785
942 ## - ADDED ENTRY ELEMENTS (KOHA)
Source of classification or shelving scheme Dewey Decimal Classification
Koha item type English Books
Classification part 364.15
Call number suffix FUR
Holdings
Withdrawn status Lost status Damaged status Not for loan Home library Current library Date acquired Source of acquisition Cost, normal purchase price Total Checkouts Full call number Barcode Date last seen Copy number Cost, replacement price Price effective from Koha item type Public note Source of classification or shelving scheme Collection code
Written off       Central Library Central Library 23/06/2015 Cen Lib/Ret 100.00   364.15 FUR A-770253 23/06/2015 1 100.00 23/06/2015 English Books W/d list no. 6842/19    
        Patel Nagar Patel Nagar 24/07/2018 BPPD/PUB 100.00   364.15 FUR A-770254 24/07/2018   100.00 24/07/2018 English Books   Dewey Decimal Classification Non-fiction

© Delhi Public Library
Hit Counter
free hit counter